00986nam a2200217 a 450000100100000000500170001000800410002702000150006804000250008310000340010824501500014226000720029230000210036449000440038550400320042950400730046171000610053483000510059595201050064699900170075100004199320201002035855.0131007s2005 sp 000 0 spa d a8400083415 aDO-SdBNPbspacBNPHU1 aSevilla Soler, Rosario95937810aLa revolución mexicana y la opinión pública española :bla prensa sevillana frente al proceso de insurrección /cRosario Sevilla Soler. aMadrid :bConsejo Superior de Investigaciones Científicas,c2005. a249 p. ;c25 cm.1 aBiblioteca de historia de Américav34 aBibliografía : p. 243-249 aIncluye referencias bibliográficas y notas al pie de las páginas2 aConsejo Superior de Investigaciones Científicas,94786 0aBiblioteca de historia de Américav34966078 001050718MOaGRbGRcCTd2013-10-29iLF1l0o p41993-10r2020-06-25w2020-06-25y1ZNo se presta c41482d41482